Score 0/7 Timer 05:00
0 Plays Today
Question Answer % Correct
The La Crosse River is located entirely in what U.S. state?Wisconsin
64%
The space station Skylab was launched and operated by what country?United States
63%
What 1996 comedy starred Stephen Baldwin and Pauly Shore?Bio-Dome
53%
What former MLB player was nicknamed 'Crime Dog'?Fred McGriff
41.4%
What future U.S. president was born in Niles, Ohio in 1843?William McKinley
40.3%
What fast-food chain was founded by Harmon Dobson and Paul Burton in 1950?Whataburger
11.8%
What character was played by LaVan Davis on Tyler Perry's House of Payne?Curtis Payne
9.4%
Remove Ads.
Support Sporcle.
Get the best of Sporcle when you Go Orange. This ad-free experience offers more features, more stats, and more fun while also helping to support Sporcle. Thank you for becoming a member.

You're not logged in!

Compare scores with friends on all Sporcle quizzes.
OR
Log In

Show Comments

Extras

Top Quizzes Today


Score Distribution

Your Account Isn't Verified!

In order to create a playlist on Sporcle, you need to verify the email address you used during registration. Go to your Sporcle Settings to finish the process.

Report this User

Report this user for behavior that violates our Community Guidelines.

Details: